• 首页
  • 本馆介绍
  • 公告通知
  • 最新文献
  • 馆藏检索
  • 电子资源
  • 读者导购
  • 参考咨询
  • 我的图书馆
  • 登录
  • 详细信息显示
  • 放入我的书架
  • 预约/预借图书
  • 作者相关作品
  • 分类相关作品
  • 丛书相关作品
  • 出版社相关作品

书目信息

  • 表格格式
  • 工作单格式
  • 卡片格式
题名:
担保法精讲
    
 
作者: 吴光荣 著
分册:  
出版信息: 北京   中国民主法制出版社  2023.01
页数: 587页
开本: 26cm
丛书名: 民商法原理与实务精进系列
单 册:
中图分类:
科图分类:
主题词: 担保法--法律解释--中国 , 法律--中国
电子资源:
ISBN: 978-7-5162-3005-3
000 01276nam 2200313 450
001 2355230940
005 20120619072355.55
010    @a978-7-5162-3005-3@b精装@dCNY99.00
100    @a20230214d2023 em y0chiy50 ea
101 0  @achi
102    @aCN@b110000
105    @ay z 000yy
106    @ar
200 1  @a担保法精讲@e体系解说与实务解答@d= Guaranty law@eprinciples and practice@f吴光荣著@zeng
210    @a北京@c中国民主法制出版社@d2023.01
215    @a587页@d26cm
225 2  @a民商法原理与实务精进系列
314    @a吴光荣, 国家法官学院教授, 法学博士。
330    @a本书以《民法典》和《民法典担保制度司法解释》为基础, 将分散制定于《民法典》不同编章及其司法解释中的担保规则进行重新整合与梳理, 按照总论—分论的结构进行理论重构, 并分成35讲进行体系化讲解, 将担保制度的全部知识体系囊入其中。本书的讲解立足于对实务问题的解决, 将类型化的实务问题融入担保法的理论体系之中, 详解重点问题、解答疑难问题、预判未来问题。
410  0 @12001 @a民商法原理与实务精进系列
510 1  @aGuaranty law@eprinciples and practice@zeng
517 1  @a体系解说与实务解答
606 0  @a担保法@x法律解释@y中国
606 0  @a法律@x中国
690    @a@v5
690    @aD923.25@v4
701  0 @a吴光荣@4著
801  0 @aCN@b安徽时代出版发行有限公司@c20230214
905    @dD923.25@e2340
    
    担保法精讲:体系解说与实务解答= Guaranty law:principles and practice/吴光荣著.-北京:中国民主法制出版社,2023.01
    587页;26cm.-(民商法原理与实务精进系列)
    
    
    ISBN 978-7-5162-3005-3(精装):CNY99.00
    本书以《民法典》和《民法典担保制度司法解释》为基础, 将分散制定于《民法典》不同编章及其司法解释中的担保规则进行重新整合与梳理, 按照总论—分论的结构进行理论重构, 并分成35讲进行体系化讲解, 将担保制度的全部知识体系囊入其中。本书的讲解立足于对实务问题的解决, 将类型化的实务问题融入担保法的理论体系之中, 详解重点问题、解答疑难问题、预判未来问题。
●
相关链接 在E读中查询图书 在五车中查询图书 在当当中查询图书 在豆瓣中查询图书


正题名:担保法精讲     索取号:D923.25/2340         预约/预借

序号 登录号 条形码 馆藏地/架位号 状态 备注
1 1411882   214118827   第一样本阅览室/ [索取号:D923.25/2340] 在馆    
2 1411883   214118836   第一借阅区/ [索取号:D923.25/2340] 在馆    
3 1411884   214118845   第一借阅区/ [索取号:D923.25/2340] 在馆    
4 1411885   214118854   第一借阅区/ [索取号:D923.25/2340] 在馆    
5 1411886   214118863   第一借阅区/ [索取号:D923.25/2340] 在馆    
唐山师范学院图书馆 欢迎您!
大连网信软件有限公司© 版权所有